| 000 | 00805nam a2200289Ia 4500 | ||
|---|---|---|---|
| 001 | Para_2018 | ||
| 003 | CHAP | ||
| 008 | 220125s1984 xx 000 0 und d | ||
| 010 | _a198925 | ||
| 040 | _cCHAP | ||
| 082 | _aPA 595.752 B5 | ||
| 100 |
_aBlackman, R.L. _913007 |
||
| 245 |
_aAphids on the world´crops : _b an identification guide / _c by R.L. Blackman , V.F. Eastop |
||
| 260 |
_aChichester : _b Wiley |
||
| 300 | _a466 p. | ||
| 650 |
_aAfididos _91031 |
||
| 650 |
_aCultivos _x plagas _930305 |
||
| 650 |
_aInteracción huésped _x parásito _9164228 |
||
| 700 |
_aEastop, V.F. _935007 |
||
| 901 | _aPA 595.752 B5 | ||
| 902 | _aA | ||
| 905 | _a0000001984 a 0000000000 00 | ||
| 910 | _a1984 | ||
| 942 | _cPARA | ||
| 942 |
_cPARA _d1 |
||
| 999 |
_c198925 _d198925 |
||